000 00668nam a2200277Ia 4500
005 20260121124620.0
008 008 260114s9999 xx 000 0 eng d
020 _a9781512822946
037 _aEBOOK
040 _aCRL
040 _beng
040 _cCRL
041 _2eng
041 _aeng
084 _qCRL
100 _aPorsdam, Helle
_9979008
245 0 _aScience as a Cultural Human Right
260 _bWalter de Gruyter
260 _bWalter de Gruyter
260 _c2022
650 _aPolitical Science
_9979009
856 _uhttp://www.degruyter.com/isbn/9781512822946
942 _cEBOOK
999 _c1555915
_d1555915